Biggest US cities during The Alamo - Statistics

General Stats
  • This quiz has been taken 29 times
  • The average score is 6 of 10
Answer Stats
Population Answer % Correct
312,710 New York City
100%
93,383 Boston
92%
93,665 Philadelphia
84%
102,313 Baltimore
80%
102,193 New Orleans
76%
29,261 Charleston
64%
33,721 Albany
48%
46,338 Cincinnati
36%
36,233 Brooklyn
28%
34,474 Northern Liberties
28%
No matching quizzes found
Score Distribution
Percent of People with Each Score
Percentile by Number Answered
Your Score History
You have not taken this quiz